Modern concepts on water resources (Record no. 1335)

000 -LEADER
fixed length control field 00600nam a22002177a 4500
001 - CONTROL NUMBER
control field 1335
003 - CONTROL NUMBER IDENTIFIER
control field BD-DhUET
008 - FIXED-LENGTH DATA ELEMENTS--GENERAL INFORMATION
fixed length control field 140903b xxu||||| |||| 00| 0 eng d
020 ## - INTERNATIONAL STANDARD BOOK NUMBER
International Standard Book Number 9848090309
040 ## - CATALOGING SOURCE
Original cataloging agency 0
Transcribing agency 0
Modifying agency BD-DhUET
082 ## - DEWEY DECIMAL CLASSIFICATION NUMBER
Classification number 628.16068095492
Item number FAI/2007
100 ## - MAIN ENTRY--PERSONAL NAME
Personal name Faisal Hossain
245 ## - TITLE STATEMENT
Title Modern concepts on water resources
Statement of responsibility, etc. by Faisal Hossain,Md. Delawer Hossain
250 ## - EDITION STATEMENT
Edition statement Ist ed.
260 ## - PUBLICATION, DISTRIBUTION, ETC. (IMPRINT)
Place of publication, distribution, etc. Dhaka
Name of publisher, distributor, etc. UGC,
Date of publication, distribution, etc. 2007
300 ## - PHYSICAL DESCRIPTION
Extent xv,222p.
504 ## - BIBLIOGRAPHY, ETC. NOTE
Bibliography, etc Includes bibliographies
650 #0 - SUBJECT ADDED ENTRY--TOPICAL TERM
Topical term or geographic name as entry element Water resources management
Geographic subdivision Bangladesh
700 ## - ADDED ENTRY--PERSONAL NAME
Personal name Delawer Hossain, Md.
942 ## - ADDED ENTRY ELEMENTS (KOHA)
Koha item type General Book
Holdings
Source of classification or shelving scheme Koha date last seen Price effective from Koha full call number Koha normalized classification for sorting Koha item type Copy number Location (home branch) Not for loan Withdrawn status Shelving location Damaged status Sublocation or collection (holding branch) Piece designation (barcode) Lost status Date acquired
 2014-09-032014-09-03628.16068095492/FAI/2007628_160680954920000_FAI_2007General Book1Central Library, BUET  Circulation section Central Library, BUET103500 2014-09-03
 2014-09-032014-09-03628.16068095492/FAI/2007628_160680954920000_FAI_2007General Book2Central Library, BUET  Circulation section Central Library, BUET103501 2014-09-03
 2014-09-032014-09-03628.16068095492/FAI/2007628_160680954920000_FAI_2007General Book3Central Library, BUET  Circulation section Central Library, BUET103502 2014-09-03
 2014-09-032014-09-03628.16068095492/FAI/2007628_160680954920000_FAI_2007General Book4Central Library, BUET  Circulation section Central Library, BUET103503 2014-09-03
 2014-09-032014-09-03628.16068095492/FAI/2007628_160680954920000_FAI_2007General Book5Central Library, BUET  Circulation section Central Library, BUET103504 2014-09-03
 2014-09-032014-09-03628.16068095492/FAI/2007628_160680954920000_FAI_2007General Book6Central Library, BUET  Circulation section Central Library, BUET103505 2014-09-03
 2014-09-032014-09-03628.16068095492/FAI/2007628_000000000000000_1606809549General Book7Central Library, BUET  Circulation section Central Library, BUET103506 2014-09-03
 2014-09-032014-09-03628.16068095492/FAI/2007628_000000000000000_1606809549General Book8Central Library, BUET  Circulation section Central Library, BUET103507 2014-09-03
 2014-09-032014-09-03628.16068095492/FAI/2007628_160680954920000_FAI_2007General Book9Central Library, BUET  Circulation section Central Library, BUET103508 2014-09-03
 2014-09-032014-09-03628.16068095492/FAI/2007628_000000000000000_1606809549General Book10Central Library, BUET  Circulation section Central Library, BUET103509 2014-09-03
 2016-07-262016-07-26628.16068095492/FAI/2007628_160680954920000_FAI_2007General Book11Central Library, BUET  Circulation section Central Library, BUET114242 2016-07-26
 2016-07-262016-07-26628.16068095492/FAI/2007628_160680954920000_FAI_2007General Book12Central Library, BUET  Circulation section Central Library, BUET114243 2016-07-26